| 000 | 00478nam a2200193Ia 4500 | ||
|---|---|---|---|
| 005 | 20140403135110.0 | ||
| 008 | 140130s9999 xx 000 0 und d | ||
| 020 | _a043959779x | ||
| 050 |
_aPZ 7 _b.G549 2003 |
||
| 100 | _aGlasscock, Sarah | ||
| 245 |
_cSarah Glasscock. _aThe Red-Headed League. |
||
| 260 |
_bScholastic, _c2003. _aUSA : |
||
| 300 |
_a26 p. : _bcol. ill. ; _c19 cm. |
||
| 440 | _v1 | ||
| 521 | _aBR | ||
| 526 | _cBR | ||
| 942 |
_cBK _2lcc |
||
| 999 |
_c41589 _d41589 |
||